Statistics for Countries of Oceania - Closest Country

Click here to take the quiz!

General Stats

  • This quiz has been taken 32 times
  • The average score is 11 of 14

Answer Stats

COUNTRY CLOSEST COUNTRY % Correct
AustraliaEast Timor
88%
FijiVanuatu
84%
SamoaTonga
80%
TongaSamoa
80%
KiribatiNauru
80%
VanuatuFiji
80%
Federated States of MicronesiaMarshall Islands
80%
Papua New GuineaSolomon Islands
76%
New ZealandFiji
76%
Marshall IslandsKiribati
76%
TuvaluFiji
72%
NauruKiribati
72%
Solomon IslandsNauru
72%
PalauPhilippines
68%

Score Distribution

Percentile by Number Answered

Percent of People with Each Score

Your Score History

You have not taken this quiz